| 000 | 00790nam a2200253Ia 4500 | ||
|---|---|---|---|
| 003 | BUBTL | ||
| 008 | 151213s9999 xx 000 0 und d | ||
| 020 | _a9789353433291 | ||
| 041 | _aeng | ||
| 082 | _a658.83/ M2948m/ 2019 | ||
| 100 |
_aMalhotra, Naresh K. _91369 |
||
| 245 |
_aMarketing Research : An Applied Orientation / _cNaresh K. Malhotra, Satyabhusan Dash |
||
| 250 | _a7th ed | ||
| 260 |
_bPearson, _cc2019 _aIndia : |
||
| 300 |
_axxxiii, 955 p.: _bills.; _c25.5 p. : |
||
| 500 | _aIncludes Index. | ||
| 505 | _aMarketing Research, Naresh K. Malhotra, Satyabhusan Dash, Marketing | ||
| 526 | _aMarketing | ||
| 650 |
_aMarketing _92661 |
||
| 700 |
_a Dash, Satyabhusan _95495 |
||
| 856 |
_k0 _l0 _yDownload |
||
| 942 |
_2ddc _cBK |
||
| 999 |
_c7104 _d7104 |
||